00667nam a2200181Ia 4500003000900000008004100009040001600050080002500066110003300091245018000124260005000304300000800354500002800362650002800390650002800418650001800446650002100464IN-BaIIA211028s9999 xx 000 0 eng d cIIA Library a083.7:696.141.1bISI aIndian Standards Institution 0aIndian standard specification for vitreous sanitary appliances (vitreous China)bpt. 8, specific requirements of Siphonic wash-down water-closetscIndian Standards Institution aNew DelhibIndian Standards Institutionc1973 a8p. aIS 2556 : Part 8 : 1973 a Sanitary Appliances  a Siphonic Wash-Closets a Standards  aNASA Thesaurus